000 00313nam a2200121Ia 4500
008 190216s9999||||xx |||||||||||||| ||und||
100 _a"Zoiotarev Yu.G, Terpigoreva V.M-Efimov A V"
245 0 _aMathematical Analysis
260 _bMir Pubs Moscow
_c1985
300 _a371
650 _aMathematics
942 _cBK
999 _c30922
_d30922